| 000 | 01217cam a2200313 i 4500 | ||
|---|---|---|---|
| 005 | 20230601093022.0 | ||
| 008 | 130604s2013 nyua 000 0 eng | ||
| 010 | _a 2013022661 | ||
| 020 | _a9780071807968 (set) | ||
| 020 | _a0071807969 (set) | ||
| 040 |
_aDLC _beng _cDLC _erda _dDLC |
||
| 042 | _apcc | ||
| 082 | 0 | 0 |
_a621.38 _223 _bGRI-C |
| 100 | 1 | _aGrimes, Brad. | |
| 245 | 1 | 0 |
_aCTS certified technology specialist exam guide / _cBrad Grimes. |
| 250 | _aSecond edition. | ||
| 260 |
_aUSA _bMcGraw Hill _c2013c |
||
| 264 | 1 |
_aNew York : _bMcGraw-Hill Education, _c2013. |
|
| 300 |
_axxii, 600 pages, 16 pages of unnumbered plates : _billustrations (some color) ; _c24 cm |
||
| 336 |
_atext _2rdacontent |
||
| 337 |
_aunmediated _2rdamedia |
||
| 338 |
_avolume _2rdacarrier |
||
| 650 | 0 |
_aAudio-visual equipment industry _xEmployees _xCertification. |
|
| 650 | 0 |
_aAudio-visual equipment _xExaminations _vStudy guides. |
|
| 700 | 1 |
_aLaurik, Sven. _tCTS certified technology specialist exam guide |
|
| 906 |
_a7 _bcbc _corignew _d1 _eecip _f20 _gy-gencatlg |
||
| 999 |
_c18552 _d18552 |
||